000 00599nam a2200145Ia 4500
008 220216s9999 xx 000 0 und d
100 _aVenkatachalam P
245 0 _aMolecular cloning and characterization of a 3-hydroxy-3-methylglutaryl-coenzyme a reductase 1 (hmgr 1) gene from rubber tree (Hevea brasiliensis Muell. Arg.): A key enzyme involved in isoprenoid biosynthesis
260 _bInternational Conference on New Horizons in Biotechnology, 26-29 November 2007, Trivandrum
700 _aJayashree R
700 _aPriya P
700 _aRekha K
700 _aThulaseedharan A
942 _cBS
999 _c53190
_d53190